000 00590nam a2200217 a 4500
005 20140310183451.0
008 090119s19uu xx 00 eng d
020 _a9781422126011
050 _aHF 5415
_b.L4832 2008
100 _aLevitt, Theodore
245 _aMarketing myopia /
_cTheodore Levitt.
260 _aBoston, MA :
_bHarvard Business Press,
_c2008.
300 _a90 p. :
_c27 cm.
440 _aHarvard Business Review Classics
521 _aBSBA
650 _aBSBA.
650 _aMarketing.
650 _aCustomer relations.
942 _cBK
_2lcc
_kFOR
999 _c23414
_d23414